Notícies de la Nora i en Martí /
Descripción Física:
5 vols. ; il·lustracions ; periodicitat: quadrimestral ; 30 cm
MARC
| LEADER | 00000nas a2200000 a 4500 | ||
|---|---|---|---|
| 001 | 15780, 15781, 15782, 15783, 15784 | ||
| 003 | AGDB | ||
| 005 | 20260324181508.0 | ||
| 008 | 160829s9999 xx 000 0 cat d | ||
| 008 | 160829s9999 xx 000 0 cat d | ||
| 040 | |a agdb |b cat | ||
| 100 | |a Museu Marítim (Barcelona) | ||
| 245 | |a Notícies de la Nora i en Martí / |c Museu Marítim | ||
| 260 | |a Barcelona : |b Museu Marítim de Barcelona ; |c [2002]- | ||
| 300 | |a 5 vols. ; |b il·lustracions ; periodicitat: quadrimestral ; |c 30 cm | ||
| 362 | |a Núm. 1 (2002)- | ||
| 590 | |a A la portada: Diputació de Barcelona, Xarxa de Municipis ; Ajuntament de Barcelona ; Port de Barcelona. | ||
| 610 | 1 | 0 | |9 53424 |a Museu Marítim (Barcelona, Catalunya) |v Revistes |
| 610 | 1 | 0 | |a Museu Marítim (Barcelona, Catalunya) |x Activitats culturals |9 54414 |
| 650 | |a Revistes infantils |x Barcelona |9 22110 | ||
| 655 | 0 | |9 55823 |a Revistes | |
| 710 | 1 | |a Barcelona (Catalunya). |b Ajuntament |9 50981 | |
| 710 | 1 | |a Barcelona (Catalunya : Província). |b Diputació |9 52408 | |
| 866 | |a 2002 (1, 2) | ||
| 866 | |a 2003 (3, 4, 5) | ||
| 866 | |a 2004 (5) | ||
| 901 | |a Arxiu | ||
| 942 | |n 1 |2 udc |c REV | ||
| 952 | |0 0 |1 0 |4 0 |6 REV2243 |7 1 |9 47845 |a Arxiu |b Arxiu |d 2016-12-01 |h Núm. 1 [juny/setembre 2002?] |o Rev-2243 |p 15780 |r 2016-12-01 00:00:00 |w 2016-12-01 |y ARXIU | ||
| 952 | |0 0 |1 0 |4 0 |6 REV2243 |7 1 |9 96049 |a Arxiu |b Arxiu |d 2023-08-02 |h Núm. 2 (octubre/desembre 2002) |l 0 |o Rev-2243 |p 15781 |r 2023-08-02 00:00:00 |w 2023-08-02 |y ARXIU | ||
| 952 | |0 0 |1 0 |4 0 |6 REV2243 |7 0 |9 96050 |a Arxiu |b Arxiu |d 2023-08-02 |h Núm. 3 (febrer/maig 2003) |l 0 |o Rev-2243 |p 15782 |r 2023-08-02 00:00:00 |w 2023-08-02 |y ARXIU | ||
| 952 | |0 0 |1 0 |4 0 |6 REV2243 |7 1 |9 96051 |a Arxiu |b Arxiu |d 2023-08-02 |h Núm. 4 (juny/setembre 2003) |l 0 |o Rev-2243 |p 15783 |r 2023-08-02 00:00:00 |w 2023-08-02 |y ARXIU | ||
| 952 | |0 0 |1 0 |4 0 |6 REV2243 |7 1 |9 96052 |a Arxiu |b Arxiu |d 2023-08-02 |h Núm. 5 (octubre/gener 2003-2004) |l 0 |o Rev-2243 |p 15784 |r 2023-08-02 00:00:00 |w 2023-08-02 |y ARXIU | ||
| 999 | |c 51644 |d 51644 | ||